000 01520cam a22004454i 4500
003 PE-LiUPU
005 20250731173300.0
008 150625s1949 enk r 000 0 pol d
035 _a(Sirsi) a36050
040 _aPE-LiUPU
_bspa
_cPE-LiUPU
_erda
049 _aPRUA
082 0 4 _a220.591851
_bB16
_221
130 _aBiblia.
_lPolaco.
_f1949.
242 _aBiblia santa.
_btoda la escritura del antiguo y nuevo testamento
245 1 0 _aBiblija swieta to jest cale pismo sweite starego I nowego testamentu.
264 1 _a[Londres] :
_bUniversity Press Oxford,
_c1949.
300 _a1123 páginas ;
_c18 centímetros
336 _atext
_2rdacontent
337 _aunmediated
_2rdamedia
338 _avolume
_2rdacarrier
505 0 _aBiblia en idioma polaco.
526 _aSEG42
526 _aSEG41
526 _aSEG40
526 _aSEG39
526 _aP94
526 _aP87
526 _aP86
526 _aP85
526 _aP77
526 _aP76
526 _aP35
630 _aBiblia.
_lPolaco.
_f1949.
910 _baj
_cnm
_d20050512
942 _2ddc
_cBOOK
949 _a220.591851 B16
_wDEWEY
_c1
_i55145
_lCCODEBUL1
_mBUL
_p10
_r0
_sY
_tBOOK
_u2015-06-25
_xTEOLOGIA
_zUNKNOWN
_0COMPRA
_o.STAFF. Colección General
596 _a1
999 _a220.591851 B16
_wDEWEY
_c44081
_i55145
_d44081
_e2022-5-26
_f2021-11-9
_g5
_lCCODEBUL1
_mBUL
_n5
_p11.66
_q1
_r0
_sY
_tBOOK
_u2015-6-25
_xTEOLOGIA
_PP35
_0COMPRA
_o.STAFF. Colección Teología
980 _81
_gALBERTO SANCHEZ Responsable de Automatización